| 000 | 00916nam a22002177a 4500 | ||
|---|---|---|---|
| 999 |
_c5195 _d5195 |
||
| 003 | AR-CdUCM | ||
| 008 | 190312b ||||| |||| 00| 0 spa d | ||
| 040 |
_aMUNICIPALIDAD PROVINCIAL DEL CUSCO _cBIBLIOTECA MUNICIPAL DEL CUSCO |
||
| 082 |
_a987.041 / _bP64 |
||
| 100 |
_aPividal Padrón, Francisco _915760 |
||
| 245 |
_aBolívar : _bpensamiento precursor del antimperialismo / |
||
| 260 |
_aCuba : _bCasa de las Américas, _c1977. |
||
| 300 |
_a244 páginas ; _c19 cm. |
||
| 500 | _aDonación familia Nieto. Premio extraordinario Bolívar en nuestra América. | ||
| 505 | _aContenido: Las primeras ideas -- Los primeros pasos -- Caracas: encuentro y contradicciones -- Las relaciones con los Estados Unidos -- Bolivar y Miranda: el enfrentamiento -- Destierros e ideología ... | ||
| 650 |
_aSimón Bolivar _91694 |
||
| 650 |
_aRevolución _9844 |
||
| 650 |
_aCuba _91821 |
||
| 942 |
_2ddc _cLIBROS |
||
| 945 | _aafb | ||